Digital Transformations: New Tools and Methods for Mining Technological Intelligence (Record no. 43351)

MARC details
000 -LEADER
fixed length control field 00596nam a22001817a 4500
005 - DATE AND TIME OF LATEST TRANSACTION
control field 20250324105226.0
008 - FIXED-LENGTH DATA ELEMENTS--GENERAL INFORMATION
fixed length control field 250324b |||||||| |||| 00| 0 eng d
020 ## - INTERNATIONAL STANDARD BOOK NUMBER
International Standard Book Number 9781789908626
041 ## - LANGUAGE CODE
Language code of text/sound track or separate title Eng.
082 ## - DEWEY DECIMAL CLASSIFICATION NUMBER
Classification number 658.4038 DAI
100 ## - MAIN ENTRY--PERSONAL NAME
Author Daim, Tugrul U
245 ## - TITLE STATEMENT
Title Digital Transformations: New Tools and Methods for Mining Technological Intelligence
260 ## - PUBLICATION, DISTRIBUTION, ETC.
Place Cheltenham, UK
Publisher Edward Elgar Publishing
Publication Year 2022
300 ## - PHYSICAL DESCRIPTION
Extent 172;. P. 23 cm
650 ## - SUBJECT ADDED ENTRY--TOPICAL TERM
Subject Information Technology-Management; Technological Innovations; Patents-Data Processing
700 ## - ADDED ENTRY--PERSONAL NAME
Co-Author Yalcin, Haydar
942 ## - ADDED ENTRY ELEMENTS (KOHA)
Koha item type Books
Holdings
Withdrawn status Lost status Source of classification or shelving scheme Damaged status Not for loan Home library Current library Shelving location Accession Date Vendor Price Bill number Full call number Barcode No Date last seen Discount Bill Date Koha item type Suggested By
    Dewey Decimal Classification     IMTN IMTN Rack 29-A 03/18/2025 Raghav Books Private Limited 8681.40 2374 658.4038 DAI 33642 03/24/2025 33 02/14/2025 Books Dr. Bibhuti Tripathy
Designed & Maintained by: LRC IMT Nagpur Contact: lrc@imtnag.ac.in© 2024. All Rights Reserved.